Botánica agrícola

Uloženo v:
Podrobná bibliografie
Hlavní autoři: Gill, N. T (Autor), Vear, K. C (Autor)
Médium: Kniha
Jazyk:španělština
Vydáno: Zaragoza Acribia 1965
Témata:
Tagy: Přidat tag
Žádné tagy, Buďte první, kdo vytvoří štítek k tomuto záznamu!

MARC

LEADER 00000nam a2200000 a 4500
001 UCU4478
003 CL-VaPUC
008 960524e19650000SP |||||||||||||||||spa|d
082 0 4 |a 581  |b GIL  |2 21 
100 0 |a Gill, N. T  |e author  |9 362042 
700 0 |a Vear, K. C  |e author  |9 362043 
245 1 0 |a Botánica agrícola 
300 |a 726 p 
942 |c BK 
945 |d 19960524 00:00:00  |a mcarcey 
260 |a Zaragoza  |b Acribia  |c 1965 
650 0 |a Botánica  |9 264202 
650 0 |a Plantas  |9 264555 
650 0 |a Genética vegetal  |9 264341 
650 7 |a CULTIVO DE PLANTAS  |2 CL-VaPUC  |9 362044 
650 7 |a LEGUMINOSAS  |2 CL-VaPUC  |9 264301 
650 0 |a Cereales  |9 264300 
650 0 |a Hierbas   |9 339681 
650 0 |a Hongos  |9 261629 
650 0 |a Enfermedades de las plantas  |9 259687 
583 |a last modification  |c 19960524 00:00:00  |k Rodrigo Vera 
999 |c 248174  |d 248172